000 00516nam a2200205Ia 4500
008 191130s2010##################000#0#eng##
020 _a9788180301483
040 _aACL
_cACL
082 _a588 SIN
100 _aSingh, S. K
245 _aBryophyta
_cS. K. Singh
250 _a1st ed
260 _aNew Delhi
_bCampus Books
_c2010
300 _a271 p. : ill.
500 _aIncludes index
650 _aBryophyta
990 _aa479fcedac10000c56ce7a0a966f48b0
991 _a215742
999 _c120497
_d120497